| 000 | 00918nam a22002297a 4500 | ||
|---|---|---|---|
| 005 | 20240530110910.0 | ||
| 008 | 220214s2008 ua g 000 0 ara d | ||
| 017 |
_bمصر. دار الكتب _a2007/3217 |
||
| 020 | _a9789953872841 | ||
| 040 |
_aEG-CaGPL _cEG-CaGPL |
||
| 082 | 0 | 4 |
_221 _a327.73 / _bهـ س |
| 100 | 0 | _aهادى قبيسى | |
| 245 | 1 | 2 |
_aالسياسة الخارجية الاميركية بين مدرستين المحافظية الجديدة والواقعية / _cهادى قبيسى |
| 250 | _aط. 1 | ||
| 260 |
_aبيروت : _bالدار العربية للعلوم ناشرون، _c2008 |
||
| 300 |
_a157 ص. ؛ _c20 سم |
||
| 650 | 0 | 7 |
_2qrmak _aالسياسة الخارجية الاميركية |
| 650 | 0 | 7 |
_2qrmak _aالولايات المتحدة الامريكية |
| 651 |
_2qrmak _aالشرق الاوسط |
||
| 942 |
_2ddc _cBK |
||
| 999 |
_c66288 _d66288 |
||